000 00653cam a2200193 a 4500
001 000007284
003 DO-SdBNP
005 20251027141914.0
008 850607s1967 ve ac 000 0 spar
040 _aDO-SdBNP
_bspa
_cBNPHU
082 _a918.77
_bA727c
100 1 _aArmas Chitty, J. A. de.
_q(José Antonio de Armas Chitty),
_d1908-1995.
_920221
245 1 0 _aCaracas :
_borigen y trayectoria de una ciudad /
_cJ. A. de Armas Chitty.
260 _aCaracas, Venezuela :
_bFundación Creole,
_c1967.
300 _a2 v. :
_bil., facsims. ;
_c24 cm.
504 _aBibliografías : p. 241-255.
651 0 _aVenezuela
_xHistoria
_926230
942 _2ddc
_cLBS1
999 _c7065
_d7065